000 00634cam a2200229 a 4500
001 4664872
005 20180215050714.0
008 820303s1981 nyu b 001 0 eng
010 _a 80070392
020 _a0465014763 :
_c$15.50
020 _a0465014771 (pbk.) :
_c$6.00
040 _aDLC
_cDLC
_dDLC
041 _aeng
080 _a330.1 BEL
082 0 0 _a330.1 BEL
_219
100 _a52
101 _aEKO
245 0 4 _aThe Crisis in economic theory /
_cedited by Daniel Bell and Irving Kristol.
504 _aIncludes bibliographies and index.
906 _a7
_bcbc
_corignew
_d2
_eopcn
_f19
_gy-gencatlg
942 _2ddc
_cBK
999 _c42630
_d42630